1573 1721 1713 1067 1371 1112 1085 1597 1815 1852 1129 1348 1527 1545 1461 1759 1245 1934 1467 1056 1346 1821 1357 1136 1558 1372 1349 1119 1197 1226 1238 1694 1465 1442 1628 1770 1668 1407 1008 1196 1531 1253 1288 1757 1037 1144 1969 1759 1464 1365 1700 1065 1726 1392 1015 1301 1156 1426 1928 1930 1165 1240 1912 1567 1200 1467 1066 1267 1004 1527 1248 1565 1383 1850 1173 1275 1854 1471 1515 1139 1971 1615 1138 1829 1541 1162 1183 1194 1719 1877 1824 1230 1669 1442 1740 1900 1188 1747 1396 BCNSPRNW ULIB Ver.6.0+V

เปลี่ยนเป็นภาษาไทย

Change to English
 แสดงรายละเอียดบรรณานุกรม
  กลับหน้าหลัก

Brief Record : Get Marc (ISO 2709) : E-mail record : QR code < ปิดหน้าต่าง
LEADER : 00000nam 2200000uu 4500
001    13399115163
003     ULIB
008    120713s2554||||th 000 0 tha d
020    8858710302394
099    นว^bธ657ท
100 0  ธีรศา
245 00 ทรายสวาทห้วงสิเน่หา
260    กรุงเพทฯ:^bMy Love,^c2554
945    ^p265^l0^i18543
999 ^a ใช้งานได้ทุกระบบ
รายการนี้ยังไม่มีแท็ก
คุณยังไม่ได้ล็อกอิน คุณสามารถมีกิจกรรมร่วมกับเว็บไซต์ได้ แต่ต้องล็อกอินก่อน ::
  ล็อกอิน

รายการสื่อสารสนเทศ

ลำดับที่ ประเภท เลขเรียก/บาร์โค้ด สถานที่ สถานะ
1. นวนิยาย
นวนิยาย
นว ธ657ท  
  Barcode: 18543
ห้องสมุดวิทยาเขตสวรรค์ประชารักษ์
►นวนิยาย
บนชั้น
  ขอยืม

BibComment


ยังไม่เคยถูกคอมเมนท์

คอมเมนท์ทรัพยากรรายการนี้
  คอมเมนท์: ทรายสวาทห้วงสิเน่หา


 Copyright 2026. Bcnsprnw @Library